[Event "Wch Rapid (Women)"]
[Site "New York"]
[Date "2024.12.28"]
[Round "9"]
[White "Derlich, Sarah Sima"]
[Black "Kaldarova, Ayaulym"]
[Result "0-1"]
[WhiteElo "1807"]
[BlackElo "2011"]
[PlyCount "72"]
[EventDate "2024.12.26"]
[EventType "swiss (rapid)"]
[EventRounds "11"]
[EventCountry "USA"]
[SourceTitle "CB01_2025"]
[SourceDate "2025.01.01"]
[SourceVersion "1"]
[SourceVersionDate "2025.01.01"]
[SourceQuality "1"]

1. e4 e6 2. d4 d5 3. Nd2 Be7 4. Ngf3 Nf6 5. e5 Nfd7 6. Bd3 c5 7. c3 Nc6 8. 0-0 a5 9. Re1 a4 10. Nf1 0-0 11. Bc2 a3 12. bxa3 f6 13. exf6 Nxf6 14. a4 cxd4 15. cxd4 Bd7 16. Rb1 Nb4 17. Bb3 Ne4 18. Bb2 Bd6 19. Ng3 Nf6 20. Ne5 Nc6 21. Bc1 Bxe5 22. dxe5 Ne8 23. Bxd5 exd5 24. Qxd5+ Kh8 25. e6 Qf6 26. Re2 Bxe6 27. Qxe6 Nd4 28. Qxf6 Nxe2+ 29. Nxe2 Nxf6 30. Rxb7 Rfe8 31. Kf1 Rad8 32. Nc3 Rd3 33. Bb2 Rd2 34. g3 Ng4 35. Nb5 Rxf2+ 36. Kg1 Re1# 0-1

[Event "Wch Rapid (Women)"]
[Site "New York"]
[Date "2024.12.28"]
[Round "10"]
[White "Kaldarova, Ayaulym"]
[Black "Durrfeld, Sofie Bech"]
[Result "1-0"]
[WhiteElo "2011"]
[BlackElo "1875"]
[PlyCount "89"]
[EventDate "2024.12.26"]
[EventType "swiss (rapid)"]
[EventRounds "11"]
[EventCountry "USA"]
[SourceTitle "CB01_2025"]
[SourceDate "2025.01.01"]
[SourceVersion "1"]
[SourceVersionDate "2025.01.01"]
[SourceQuality "1"]

1. Nf3 Nf6 2. c4 g6 3. Nc3 Bg7 4. g3 0-0 5. Bg2 c6 6. 0-0 d5 7. d4 Nbd7 8. Bf4 Nh5 9. cxd5 Nxf4 10. gxf4 cxd5 11. Nxd5 Nb6 12. Nc3 Qc7 13. e3 Bg4 14. Rc1 Qd8 15. Qd3 Be6 16. b3 Rc8 17. Ne5 f6 18. Nf3 Bg4 19. h3 Bh5 20. f5 gxf5 21. Qxf5 Bg6 22. Qe6+ Bf7 23. Qg4 Qd7 24. Qxd7 Nxd7 25. Nh4 Rfe8 26. Bxb7 Rc7 27. Ba6 Nb6 28. Nb5 Rd7 29. Nc7 Red8 30. Bb5 e5 31. Bxd7 Rxd7 32. dxe5 fxe5 33. Rfd1 Rxd1+ 34. Rxd1 Bf6 35. Nf5 Bg6 36. Nh6+ Kg7 37. Ng4 Bh5 38. Rd6 Be7 39. Re6 Kf7 40. Nxe5+ Kf8 41. Nc6 Bc5 42. Re5 Bd6 43. Ne6+ Kf7 44. Ncd8+ Kg6 45. Nf4+ 1-0

[Event "Wch Rapid (Women)"]
[Site "New York"]
[Date "2024.12.27"]
[Round "8"]
[White "Sevcikova, Lucia"]
[Black "Kaldarova, Ayaulym"]
[Result "1-0"]
[WhiteElo "2132"]
[BlackElo "2011"]
[PlyCount "73"]
[EventDate "2024.12.26"]
[EventType "swiss (rapid)"]
[EventRounds "11"]
[EventCountry "USA"]
[SourceTitle "CB01_2025"]
[SourceDate "2025.01.01"]
[SourceVersion "1"]
[SourceVersionDate "2025.01.01"]
[SourceQuality "1"]

1. d4 e6 2. c4 b6 3. Nc3 Bb7 4. e4 Bb4 5. Bd3 f5 6. d5 fxe4 7. Bxe4 Nf6 8. Bf3 0-0 9. dxe6 Bxf3 10. Nxf3 dxe6 11. Qe2 Bxc3+ 12. bxc3 Qe7 13. 0-0 Nbd7 14. Nd4 Rae8 15. Nc6 Qc5 16. Nxa7 c6 17. a4 Qd6 18. a5 bxa5 19. Ba3 c5 20. Nb5 Qc6 21. Rad1 e5 22. Rd6 Qc8 23. Rfd1 e4 24. R6d2 Re5 25. Bc1 Qe8 26. Rd6 Qf7 27. Bf4 Re7 28. Bg3 a4 29. Ra6 Ne5 30. Bxe5 Rxe5 31. Rxa4 Qg6 32. Nc7 Rg5 33. g3 Ng4 34. Ra2 Nxf2 35. Nd5 Kh8 36. Qxf2 Rxf2 37. Ra8+ 1-0

[Event "Wch Rapid (Women)"]
[Site "New York"]
[Date "2024.12.26"]
[Round "4"]
[White "Vantika, Agrawal"]
[Black "Kaldarova, Ayaulym"]
[Result "1-0"]
[WhiteElo "2352"]
[BlackElo "2011"]
[PlyCount "73"]
[EventDate "2024.12.26"]
[EventType "swiss (rapid)"]
[EventRounds "11"]
[EventCountry "USA"]
[SourceTitle "CB01_2025"]
[SourceDate "2025.01.01"]
[SourceVersion "1"]
[SourceVersionDate "2025.01.01"]
[SourceQuality "1"]

1. d4 e6 2. c4 b6 3. g3 Bb7 4. Nf3 Bb4+ 5. Bd2 Bxf3 6. exf3 Bxd2+ 7. Qxd2 Ne7 8. d5 0-0 9. Nc3 d6 10. Bd3 Nd7 11. 0-0-0 a6 12. dxe6 fxe6 13. f4 Rb8 14. Rhe1 e5 15. fxe5 Nxe5 16. Bc2 b5 17. c5 Nc4 18. Qd3 Ng6 19. Qd5+ Kh8 20. Ne4 Qd7 21. Qh5 Rf5 22. Ng5 Rxg5 23. Qxg5 Qf7 24. Qf5 Qg8 25. Qe6 Qf8 26. f4 dxc5 27. f5 Nge5 28. Rxe5 Nxe5 29. Qxe5 Re8 30. Qxc7 c4 31. Qd6 Qf7 32. Qd7 Qh5 33. Kb1 Rf8 34. Qe7 Kg8 35. Rd7 Qg4 36. f6 h5 37. f7+ 1-0